| 000 | 00832nam a2200289 a 4500 | ||
|---|---|---|---|
| 001 | 0030 | ||
| 003 | DO-SdBNP | ||
| 005 | 20180220133044.0 | ||
| 007 | 000044243 | ||
| 008 | 140611s1985 madri 000 0 spa d | ||
| 020 | _a8434827700 | ||
| 040 |
_aBPMSU _bspa _cBPMSU |
||
| 092 |
_axxxxxx _bxxxxxx |
||
| 100 | 1 | _aMoray Williams, Ursula | |
| 245 | 1 | 4 |
_aAri / _cUrsula Moray Williams ; Traducción del inglés Ana Moret. |
| 260 |
_aMadrid : _bSM, _c1985. |
||
| 300 |
_a155 p. : _c19 cm. |
||
| 490 | 1 |
_aEl barco de vapor _v3 |
|
| 700 | 1 |
_aMoret, Ana, _etr. |
|
| 830 | 0 |
_aEl barco de vapor _n3 |
|
| 930 | 1 |
_lBND01 _mLF1 _820140611 _f01 _pHD _g45135 |
|
| 930 | 1 |
_lBND01 _mLF1 _820140611 _f01 _pHD _g45135 |
|
| 942 |
_2ddc _cBK |
||
| 945 | _aInventariado, 2018 / BT | ||
| 956 |
_aDGARCIA _b10 _c20140611 _lBND01 _h0934 |
||
| 956 |
_lBND01 _h1103 |
||
| 999 |
_c8341 _d8341 |
||